[Event "HUN-chT2 Asztalos 2324"]
[Site "Hungary"]
[Date "2024.02.18"]
[Round "4.3"]
[White "Boros, Koppany"]
[Black "Molnar, Krisztian"]
[Result "1/2-1/2"]
[WhiteElo "2143"]
[BlackElo "1974"]
[PlyCount "40"]
[EventDate "2023.10.08"]
[EventType "team-tourn"]
[EventRounds "9"]
[EventCountry "HUN"]
[SourceTitle "EXT 2025"]
[Source "ChessBase"]
[SourceDate "2024.10.14"]
[SourceVersion "1"]
[SourceVersionDate "2024.10.14"]
[SourceQuality "1"]
[WhiteTeam "Szentlorinc"]
[BlackTeam "Kalocsai"]
[WhiteTeamCountry "HUN"]
[BlackTeamCountry "HUN"]

1. b3 Nf6 2. Bb2 c5 3. g3 Nc6 4. Bg2 d5 5. Nf3 Qc7 6. d4 cxd4 7. Nxd4 e5 8. Nxc6 bxc6 9. 0-0 Bc5 10. c4 Be6 11. cxd5 cxd5 12. Nc3 Rd8 13. b4 d4 14. Nb5 Qb6 15. Rc1 Bxb4 16. Nc7+ Ke7 17. Rc6 Qa5 18. Nxe6 fxe6 19. Qc1 Rhe8 20. Bh3 Rd6 1/2-1/2

[Event "HUN-chT2 Asztalos 1213"]
[Site "Hungary"]
[Date "2013.01.27"]
[Round "6.1"]
[White "Katona, Ferenc"]
[Black "Boros, Koppany"]
[Result "1/2-1/2"]
[WhiteElo "2255"]
[BlackElo "2154"]
[PlyCount "76"]
[EventDate "2012.09.16"]
[EventType "team-tourn"]
[EventRounds "9"]
[EventCountry "HUN"]
[SourceTitle "EXT 2014"]
[Source "ChessBase"]
[SourceDate "2013.11.20"]
[SourceVersion "1"]
[SourceVersionDate "2013.11.20"]
[SourceQuality "1"]
[WhiteTeam "Dunaujvaros"]
[BlackTeam "Szentlorinc"]
[WhiteTeamCountry "HUN"]
[BlackTeamCountry "HUN"]

1. f4 d5 2. d4 Nf6 3. Nf3 c5 4. e3 Nc6 5. c3 Bf5 6. Bd3 Bxd3 7. Qxd3 e6 8. Nbd2 c4 9. Qe2 b5 10. Ne5 Qc7 11. e4 Be7 12. 0-0 Qb7 13. Nxc6 Qxc6 14. e5 Nd7 15. f5 exf5 16. Rxf5 Qe6 17. Rf2 0-0 18. Nf3 f6 19. exf6 Qxe2 20. Rxe2 Bxf6 21. Bg5 h6 22. Bxf6 Nxf6 23. Rae1 Ne4 24. Nd2 Nxd2 25. Rxd2 Rae8 26. Rde2 Rxe2 27. Rxe2 Kf7 28. Re5 Rd8 29. Kf2 a5 30. a3 Rd6 31. g4 g6 32. h4 Rf6+ 33. Kg3 Rd6 34. Kg2 Kf8 35. Kf3 Kf7 36. Ke3 Re6 37. Kf4 Rf6+ 38. Kg3 Re6 1/2-1/2

[Event "HUN-chT2 Asztalos 1213"]
[Site "Hungary"]
[Date "2012.09.16"]
[Round "1.1"]
[White "Boros, Koppany"]
[Black "Nemeth, Antal"]
[Result "1/2-1/2"]
[WhiteElo "2158"]
[BlackElo "2316"]
[PlyCount "80"]
[EventDate "2012.09.16"]
[EventType "team-tourn"]
[EventRounds "9"]
[EventCountry "HUN"]
[SourceTitle "EXT 2014"]
[Source "ChessBase"]
[SourceDate "2013.11.20"]
[SourceVersion "1"]
[SourceVersionDate "2013.11.20"]
[SourceQuality "1"]
[WhiteTeam "Szentlorinc"]
[BlackTeam "Baja"]
[WhiteTeamCountry "HUN"]
[BlackTeamCountry "HUN"]

1. e4 c5 2. Nf3 e6 3. d4 cxd4 4. Nxd4 a6 5. Be2 b5 6. a4 Bb7 7. axb5 Bxe4 8. 0-0 Nf6 9. Nc3 axb5 10. Rxa8 Bxa8 11. Ncxb5 Be7 12. Bg5 0-0 13. Bf3 Bxf3 14. Qxf3 d5 15. Bf4 Qb6 16. Bc7 Qb7 17. Ra1 Nc6 18. Nxc6 Qxc6 19. Qd3 Ne4 20. Be5 Bc5 21. Bd4 Rb8 22. Nc3 Bxd4 23. Qxd4 Nxc3 24. Qxc3 Qxc3 25. bxc3 g5 26. Kf1 Rc8 27. Ra3 Kg7 28. Ke2 Kf6 29. Kd3 Rc4 30. Rb3 Ra4 31. Rb1 h5 32. Rb4 Ra3 33. h4 g4 34. g3 Ke5 35. Rb8 f5 36. Rd8 Ra1 37. Rh8 Rf1 38. Ke3 Re1+ 39. Kd3 Rd1+ 40. Ke2 Rc1 1/2-1/2

[Event "HUN-chT2 Asztalos 1112"]
[Site "Hungary"]
[Date "2012.02.19"]
[Round "6.1"]
[White "Veress, Robert"]
[Black "Boros, Koppany"]
[Result "1-0"]
[WhiteElo "2235"]
[BlackElo "2048"]
[PlyCount "57"]
[EventDate "2011.09.25"]
[EventType "team-tourn"]
[EventRounds "11"]
[EventCountry "HUN"]
[SourceTitle "EXT 2013"]
[Source "ChessBase"]
[SourceDate "2012.11.22"]
[SourceVersion "1"]
[SourceVersionDate "2012.11.22"]
[SourceQuality "1"]
[WhiteTeam "Kaposvar Bastya"]
[BlackTeam "Szentlorinc"]
[WhiteTeamCountry "HUN"]
[BlackTeamCountry "HUN"]

1. d4 g6 2. e4 Bg7 3. Nf3 c5 4. c4 cxd4 5. Nxd4 Nc6 6. Be3 d6 7. Nc3 Nf6 8. Be2 0-0 9. 0-0 Bd7 10. Rc1 Ne5 11. f3 h5 12. Qd2 Kh7 13. b3 Ng8 14. h3 Nc6 15. f4 Nh6 16. Nf3 f5 17. c5 fxe4 18. Nxe4 Nf5 19. Neg5+ Kh8 20. Bf2 e5 21. cxd6 exf4 22. Bc4 Qf6 23. Rcd1 Rae8 24. Qxf4 Bh6 25. h4 Kg7 26. Qd2 Ne5 27. Nxe5 Bxg5 28. Nxd7 Bxd2 29. Nxf6 1-0

[Event "HUN-chT2 Asztalos 1011"]
[Site "Hungary"]
[Date "2010.11.07"]
[Round "5.7"]
[White "Boros, Koppany"]
[Black "Hoflinger, Istvan"]
[Result "1-0"]
[WhiteElo "2031"]
[BlackElo "1957"]
[PlyCount "83"]
[EventDate "2010.09.12"]
[EventType "team-tourn"]
[EventRounds "11"]
[EventCountry "HUN"]
[SourceTitle "EXT 2012"]
[Source "ChessBase"]
[SourceDate "2011.11.24"]
[SourceVersion "1"]
[SourceVersionDate "2011.11.24"]
[SourceQuality "1"]
[WhiteTeam "Komlo"]
[BlackTeam "Dunajvaros"]
[WhiteTeamCountry "HUN"]
[BlackTeamCountry "HUN"]

1. e4 c5 2. Nf3 d6 3. d4 cxd4 4. Nxd4 Nf6 5. Nc3 g6 6. Be3 Bg7 7. Be2 0-0 8. 0-0 Nc6 9. Nb3 Be6 10. f4 Qc8 11. Bd3 Rd8 12. f5 Bxb3 13. axb3 d5 14. exd5 Nxd5 15. Nxd5 Rxd5 16. fxg6 hxg6 17. Qf3 Qe6 18. Bc4 Rad8 19. Bxd5 Rxd5 20. Rad1 Rh5 21. c3 Qxb3 22. Rd2 Qe6 23. Bd4 f6 24. Qd3 Kh7 25. Qf3 Qd5 26. Qxd5 Rxd5 27. Be3 Rb5 28. Rf3 g5 29. b4 a5 30. bxa5 Nxa5 31. Rd7 Nc6 32. Bd4 Kg6 33. g4 e5 34. Bf2 e4 35. Re3 Ne5 36. Rc7 Nxg4 37. Rxe4 Rb1+ 38. Kg2 f5 39. Re6+ Bf6 40. Bd4 Rb2+ 41. Kg3 Rxh2 42. Rxf6+ 1-0

[Event "HUN-chT2 Asztalos 0910"]
[Site "Hungary"]
[Date "2010.04.11"]
[Round "9"]
[White "Turi, Istvan"]
[Black "Boros, Koppany"]
[Result "0-1"]
[WhiteElo "1912"]
[BlackElo "2046"]
[PlyCount "56"]
[EventDate "2009.11.08"]
[EventType "team-tourn"]
[EventRounds "11"]
[EventCountry "HUN"]
[SourceTitle "EXT 2011"]
[Source "ChessBase"]
[SourceDate "2010.11.26"]
[SourceVersion "1"]
[SourceVersionDate "2010.11.26"]
[SourceQuality "1"]
[WhiteTeam "Baja"]
[BlackTeam "Komlo"]
[WhiteTeamCountry "HUN"]
[BlackTeamCountry "HUN"]

1. e4 c5 2. d3 Nc6 3. g3 g6 4. Bg2 Bg7 5. Ne2 e6 6. 0-0 Nge7 7. c3 0-0 8. Be3 b6 9. f4 d5 10. e5 Bb7 11. d4 Nf5 12. Bf2 cxd4 13. cxd4 Rc8 14. Nbc3 Ba6 15. a3 Na5 16. b3 Qd7 17. g4 Ne7 18. g5 Rc7 19. Re1 Rfc8 20. Rc1 Nf5 21. Bh3 Bf8 22. Nb1 Bxe2 23. Rxc7 Qxc7 24. Rxe2 Qc1 25. Qxc1 Rxc1+ 26. Re1 Rxe1+ 27. Bxe1 Nxd4 28. b4 Ne2+ 0-1

[Event "HUN-chT2 Asztalos 0809"]
[Site "Hungary"]
[Date "2009.03.08"]
[Round "9"]
[White "Pais, Nimrod"]
[Black "Boros, Koppany"]
[Result "1-0"]
[WhiteElo "2059"]
[BlackElo "2046"]
[PlyCount "59"]
[EventDate "2008.10.26"]
[EventType "tourn"]
[EventRounds "11"]
[EventCountry "HUN"]
[SourceTitle "EXT 2010"]
[Source "ChessBase"]
[SourceDate "2010.11.25"]
[SourceVersion "1"]
[SourceVersionDate "2010.11.25"]
[SourceQuality "1"]
[WhiteTeam "Fehervar"]
[BlackTeam "Komlo"]
[WhiteTeamCountry "HUN"]
[BlackTeamCountry "HUN"]

1. e4 c5 2. Nf3 d6 3. d4 cxd4 4. Nxd4 Nf6 5. Nc3 g6 6. f3 Bg7 7. Be3 0-0 8. Qd2 Nc6 9. 0-0-0 d5 10. Bb5 Nxd4 11. Bxd4 dxe4 12. Qf2 Qa5 13. Bc4 exf3 14. gxf3 Bf5 15. Bb3 e5 16. Be3 Rfe8 17. Rhg1 Rac8 18. Bxa7 Rxc3 19. bxc3 Qxc3 20. Kb1 e4 21. Bd4 Qxf3 22. Qh4 e3 23. Rdf1 Qe4 24. Bxf6 e2 25. Re1 Qe3 26. Bxg7 Kxg7 27. Qg5 Qc5 28. Qd2 Qb5 29. Rg2 Rc8 30. Qd4+ 1-0

[Event "HUN-chT2 Asztalos 0809"]
[Site "Hungary"]
[Date "2009.01.25"]
[Round "6"]
[White "Boros, Koppany"]
[Black "Bocska, Janos"]
[Result "1/2-1/2"]
[WhiteElo "2046"]
[BlackElo "2119"]
[PlyCount "78"]
[EventDate "2008.10.26"]
[EventType "tourn"]
[EventRounds "11"]
[EventCountry "HUN"]
[SourceTitle "EXT 2010"]
[Source "ChessBase"]
[SourceDate "2010.11.25"]
[SourceVersion "1"]
[SourceVersionDate "2010.11.25"]
[SourceQuality "1"]
[WhiteTeam "Komlo"]
[BlackTeam "Nagyatad"]
[WhiteTeamCountry "HUN"]
[BlackTeamCountry "HUN"]

1. e4 c5 2. Nf3 d6 3. d4 cxd4 4. Nxd4 Nf6 5. Nc3 Nc6 6. Be3 g6 7. f3 a6 8. Qd2 Bg7 9. 0-0-0 Qc7 10. Nd5 Nxd5 11. exd5 Ne5 12. Bh6 Bxh6 13. Qxh6 Bd7 14. Be2 0-0-0 15. Rhe1 Qa5 16. Nb3 Qxa2 17. f4 Ng4 18. Bxg4 Bxg4 19. Rd4 Rd7 20. Qh4 Bf5 21. Rc4+ Kb8 22. g4 Bd3 23. Rc3 Bb5 24. Rxe7 Qa4 25. Qf6 Rxe7 26. Qxd6+ Ka8 27. Qxe7 Qxf4+ 28. Kb1 Re8 29. Qh4 h5 30. Qg3 Qxg3 31. Rxg3 Bc4 32. gxh5 gxh5 33. Rg5 h4 34. d6 Re1+ 35. Ka2 Rd1 36. Rg4 Be6 37. Rxh4 Rxd6 38. Ka3 Rd1 39. Kb4 Kb8 1/2-1/2

[Event "HUN-chT2 Asztalos 0708"]
[Site "Hungary"]
[Date "2008.02.17"]
[Round "6"]
[White "Mihaljevic, Branko"]
[Black "Boros, Koppany"]
[Result "0-1"]
[WhiteElo "1981"]
[BlackElo "2043"]
[PlyCount "54"]
[EventDate "2007.10.14"]
[EventType "team-tourn"]
[EventRounds "11"]
[EventCountry "HUN"]
[SourceTitle "EXT 2009"]
[Source "ChessBase"]
[SourceDate "2008.11.26"]
[SourceVersion "1"]
[SourceVersionDate "2008.11.26"]
[SourceQuality "1"]
[WhiteTeam "Mohacs"]
[BlackTeam "Komlo Banyasz"]
[WhiteTeamCountry "HUN"]
[BlackTeamCountry "HUN"]

1. d4 Nf6 2. Nf3 g6 3. Bg5 Bg7 4. e3 0-0 5. Bd3 c5 6. c3 Nc6 7. dxc5 Qc7 8. Nd4 Ne5 9. b4 a5 10. a3 axb4 11. cxb4 b6 12. cxb6 Nxd3+ 13. Qxd3 Qc1+ 14. Qd1 Qb2 15. Nc2 Ne4 16. Bxe7 Bc3+ 17. Nxc3 Qxc3+ 18. Kf1 Re8 19. Bh4 Re6 20. Kg1 Rxb6 21. b5 Rd6 22. Nd4 Bb7 23. Be7 Qb2 24. Qe1 Nxf2 25. Qf1 Rxd4 26. Bf6 Rg4 27. Qxf2 Rxg2+ 0-1

[Event "HUN-chT2 Asztalos 0708"]
[Site "Hungary"]
[Date "2007.10.14"]
[Round "1"]
[White "Boros, Koppany"]
[Black "Szijarto, Attila"]
[Result "1/2-1/2"]
[WhiteElo "2043"]
[BlackElo "2048"]
[PlyCount "67"]
[EventDate "2007.10.14"]
[EventType "team-tourn"]
[EventRounds "11"]
[EventCountry "HUN"]
[SourceTitle "EXT 2009"]
[Source "ChessBase"]
[SourceDate "2008.11.26"]
[SourceVersion "1"]
[SourceVersionDate "2008.11.26"]
[SourceQuality "1"]
[WhiteTeam "Komlo Banyasz"]
[BlackTeam "Nagyatad"]
[WhiteTeamCountry "HUN"]
[BlackTeamCountry "HUN"]

1. c4 e5 2. Nc3 Nf6 3. g3 c5 4. Bg2 Nc6 5. d3 h6 6. e4 d6 7. Nge2 Be6 8. 0-0 Qd7 9. f4 Bh3 10. fxe5 Bxg2 11. Kxg2 dxe5 12. Nd5 0-0-0 13. Nec3 h5 14. Bg5 Be7 15. Bxf6 gxf6 16. Qf3 Nd4 17. Nxe7+ Qxe7 18. Qxf6 Qxf6 19. Rxf6 Nc2 20. Rc1 Ne3+ 21. Kf3 Ng4 22. Rxf7 Rhf8 23. Rxf8 Rxf8+ 24. Kg2 Rf2+ 25. Kg1 Rxh2 26. b3 Rd2 27. Rd1 Rc2 28. Nd5 Rxa2 29. Rf1 Rb2 30. Rf8+ Kd7 31. Rf7+ Kc8 32. Rf8+ Kd7 33. Rf7+ Kc8 34. Rf8+ 1/2-1/2

[Event "HUN-chT2 Asztalos 0607"]
[Site "Hungary"]
[Date "2006.11.19"]
[Round "2"]
[White "Percze, Gabor"]
[Black "Boros, Koppany"]
[Result "0-1"]
[WhiteElo "2090"]
[BlackElo "2005"]
[PlyCount "62"]
[EventDate "2006.11.12"]
[EventType "team-tourn"]
[EventRounds "11"]
[EventCountry "HUN"]
[SourceTitle "EXT 2008"]
[Source "ChessBase"]
[SourceDate "2007.11.25"]
[SourceVersion "1"]
[SourceVersionDate "2007.11.25"]
[SourceQuality "1"]
[WhiteTeam "Nagyatad"]
[BlackTeam "Komlo Banyasz"]
[WhiteTeamCountry "HUN"]
[BlackTeamCountry "HUN"]

1. Nf3 g6 2. g3 Bg7 3. Bg2 c5 4. d3 e5 5. c4 Ne7 6. Nc3 Nbc6 7. 0-0 0-0 8. a3 d6 9. Rb1 a5 10. Bg5 Be6 11. Qd2 f5 12. Bh6 f4 13. Bxg7 Kxg7 14. Ng5 Bg8 15. Nge4 Nf5 16. Nb5 Ncd4 17. b4 d5 18. Nxc5 dxc4 19. Nxb7 Qe7 20. Nxd4 Nxd4 21. bxa5 c3 22. Qe1 f3 23. exf3 c2 24. Rb6 c1Q 25. Qxc1 Ne2+ 26. Kh1 Nxc1 27. Rxc1 Rfc8 28. Rcb1 Bd5 29. Nd6 Rc6 30. Rb7 Rc7 31. R7b6 Rxa5 0-1

[Event "HUN-chT2 Asztalos 0607"]
[Site "Hungary"]
[Date "2006.11.12"]
[Round "1"]
[White "Matota, Kornel"]
[Black "Boros, Koppany"]
[Result "1-0"]
[WhiteElo "1962"]
[BlackElo "2005"]
[PlyCount "65"]
[EventDate "2006.11.12"]
[EventType "team-tourn"]
[EventRounds "11"]
[EventCountry "HUN"]
[SourceTitle "EXT 2008"]
[Source "ChessBase"]
[SourceDate "2007.11.25"]
[SourceVersion "1"]
[SourceVersionDate "2007.11.25"]
[SourceQuality "1"]
[WhiteTeam "OK Travel"]
[BlackTeam "Komlo Banyasz"]
[WhiteTeamCountry "HUN"]
[BlackTeamCountry "HUN"]

1. d4 Nf6 2. Nf3 e6 3. c4 c5 4. Nc3 g6 5. Bg5 Bg7 6. e3 0-0 7. Be2 Na6 8. 0-0 h6 9. Bf4 d5 10. cxd5 Nxd5 11. Nxd5 Qxd5 12. Bxa6 bxa6 13. dxc5 Bxb2 14. Qxd5 exd5 15. Bxh6 Re8 16. Rab1 Ba3 17. c6 Bf5 18. Rb3 Bd6 19. Nd4 Bc8 20. Rc1 Re7 21. Bg5 Re8 22. Ne2 Re4 23. Rd3 Be6 24. Bf4 Bxf4 25. Nxf4 Kg7 26. Nxd5 Bxd5 27. Rxd5 Rc8 28. Ra5 Rc7 29. Rxa6 Rb4 30. h3 Rb2 31. g4 Kf6 32. a4 Ra2 33. Rb1 1-0

[Event "HUN-chT2 Asztalos 0506"]
[Site "Hungary"]
[Date "2005.12.04"]
[Round "5"]
[White "Fellegi, Tibor"]
[Black "Boros, Koppany"]
[Result "0-1"]
[WhiteElo "2105"]
[BlackElo "2010"]
[PlyCount "48"]
[EventDate "2005.10.16"]
[EventType "team-tourn"]
[EventRounds "11"]
[EventCountry "HUN"]
[SourceTitle "EXT 2009"]
[Source "ChessBase"]
[SourceDate "2008.11.26"]
[SourceVersion "1"]
[SourceVersionDate "2008.11.26"]
[SourceQuality "1"]
[WhiteTeam "Fehervar"]
[BlackTeam "Komlo Banyasz"]
[WhiteTeamCountry "HUN"]
[BlackTeamCountry "HUN"]

1. e4 c5 2. Nc3 d6 3. f4 Nc6 4. Bb5 g6 5. Nf3 Bg7 6. 0-0 e6 7. f5 exf5 8. Qe1 Nge7 9. Bxc6+ bxc6 10. d3 0-0 11. Qh4 f6 12. Bh6 g5 13. Nxg5 Ng6 14. Qh5 fxg5 15. Bxg5 Qb6 16. g4 f4 17. Ne2 c4+ 18. d4 f3 19. Ng3 Qxd4+ 20. Kh1 Qxb2 21. Rac1 f2 22. h3 Qc3 23. Kh2 Be5 24. Bh4 Rf3 0-1

[Event "HUN-chT2 Asztalos 0405"]
[Site "Hungary"]
[Date "2004.12.19"]
[Round "5"]
[White "Boros, Koppany"]
[Black "Bocska, Janos"]
[Result "1/2-1/2"]
[WhiteElo "2052"]
[BlackElo "2093"]
[PlyCount "53"]
[EventDate "2004.09.26"]
[EventType "team-tourn"]
[EventRounds "11"]
[EventCountry "HUN"]
[SourceTitle "EXT 2009"]
[Source "ChessBase"]
[SourceDate "2008.11.26"]
[SourceVersion "1"]
[SourceVersionDate "2008.11.26"]
[SourceQuality "1"]
[WhiteTeam "Komlo Banyasz"]
[BlackTeam "Nagyatad"]
[WhiteTeamCountry "HUN"]
[BlackTeamCountry "HUN"]

1. e4 e6 2. d4 d5 3. e5 c5 4. c3 Nc6 5. Nf3 Qb6 6. Be2 cxd4 7. cxd4 Nge7 8. Na3 Nf5 9. Nc2 h5 10. 0-0 Bd7 11. a3 a5 12. Be3 a4 13. Bd3 g6 14. Bxf5 gxf5 15. Rb1 Na5 16. Bd2 Nb3 17. Bc3 Bb5 18. Re1 Be7 19. Nd2 Nxd2 20. Qxd2 Bc4 21. Ne3 Bb3 22. Rbc1 Kd7 23. Bb4 Bxb4 24. Qxb4 Qxb4 25. axb4 Rac8 26. f4 b5 27. Kf2 1/2-1/2

[Event "HUN-chT2 Asztalos 0405"]
[Site "Hungary"]
[Date "2004.11.21"]
[Round "3"]
[White "Horvath, Janos"]
[Black "Boros, Koppany"]
[Result "1-0"]
[WhiteElo "2125"]
[BlackElo "2052"]
[PlyCount "53"]
[EventDate "2004.09.26"]
[EventType "team-tourn"]
[EventRounds "11"]
[EventCountry "HUN"]
[SourceTitle "EXT 2009"]
[Source "ChessBase"]
[SourceDate "2008.11.26"]
[SourceVersion "1"]
[SourceVersionDate "2008.11.26"]
[SourceQuality "1"]
[WhiteTeam "Szenna Pack II"]
[BlackTeam "Komlo Banyasz"]
[WhiteTeamCountry "HUN"]
[BlackTeamCountry "HUN"]

1. e4 c5 2. c3 Qa5 3. Na3 Nc6 4. Nf3 e6 5. Bc4 Nf6 6. e5 Nd5 7. 0-0 Nb6 8. Bb3 c4 9. Nxc4 Nxc4 10. Bxc4 Nxe5 11. Nxe5 Qxe5 12. d4 Qc7 13. Qe2 Be7 14. d5 0-0 15. Bd3 Bd6 16. h3 b6 17. dxe6 Bb7 18. exf7+ Rxf7 19. Bc4 Bh2+ 20. Kh1 d5 21. Bb3 Raf8 22. Be3 Kh8 23. Bd4 Qc8 24. Bc2 Ba6 25. Qh5 Rf5 26. Bxf5 Rxf5 27. Qg4 1-0

[Event "Balatonlelle op"]
[Site "Balatonlelle"]
[Date "2004.07.20"]
[Round "2"]
[White "Boros, Koppany"]
[Black "Baum, Bernd"]
[Result "0-1"]
[WhiteElo "2052"]
[BlackElo "2231"]
[PlyCount "84"]
[EventDate "2004.07.19"]
[EventType "swiss"]
[EventRounds "9"]
[EventCountry "HUN"]
[SourceTitle "CBM 101 Extra"]
[Source "ChessBase"]
[SourceDate "2004.09.01"]
[SourceVersion "2"]
[SourceVersionDate "2004.09.01"]
[SourceQuality "1"]

1. e4 c5 2. Nf3 Nc6 3. d4 cxd4 4. Nxd4 Nf6 5. Nc3 d6 6. Bc4 Qb6 7. Ndb5 a6 8. Be3 Qa5 9. Nd4 e6 10. 0-0 Be7 11. Qd2 0-0 12. Rad1 Qc7 13. Bb3 Ng4 14. h3 Nxe3 15. Qxe3 Bd7 16. Kh1 Rac8 17. f4 Nxd4 18. Qxd4 Qc5 19. Qxc5 Rxc5 20. e5 d5 21. f5 Rfc8 22. f6 gxf6 23. Ne4 fxe5 24. Nxc5 Rxc5 25. c3 f5 26. Rfe1 Bf6 27. g3 Kg7 28. Kh2 Be8 29. g4 fxg4 30. hxg4 Bg6 31. Kh3 e4 32. Re2 h6 33. Ree1 Kf8 34. Re2 Ke7 35. Bc2 Rc8 36. Ree1 Be5 37. Rf1 Rc7 38. Rde1 Bxc3 39. Bxe4 Bxe4 40. bxc3 Rxc3+ 41. Kh2 Rc2+ 42. Kg3 Rxa2 0-1